| 000 | 00356 a2200157 4500 | ||
|---|---|---|---|
| 001 | 176521 | ||
| 020 | _a | ||
| 040 | _cMagnum | ||
| 100 | _aVianna, Marly | ||
| 240 | 1 | 0 |
_aPolitica e rebeliao nos anos 30 _lpor |
| 245 | 1 | 0 | _aPolitica e rebeliao nos anos 30 |
| 362 | 0 | _a1899 | |
| 440 | 1 | _aModerna | |
| 697 | _aMAGNITO: HISTORIA DO BRASIL | ||
| 942 | _cBK | ||
| 999 |
_c176521 _d176521 |
||